[Event "Druzynowe Mistrzostwa Polski Juniorow - II liga"]
[Site "Sypniewo k. Jastowia"]
[Date "2024-06-17"]
[Round "8.36"]
[White "Wawrzyniak, Aleksandra"]
[Black "Lechowska, Liliana"]
[Result "1-0"]
[WhiteTitle "II"]
[BlackTitle "II"]
[WhiteElo "1495"]
[BlackElo "1558"]

1. e4 c5 2. Nf3 Nc6 3. d4 cxd4 4. Nxd4 Nf6 5. Nc3 e5 6. Ndb5 d6 7. Bd3 a6 8. Na3
b5 9. Ne2 Be7 10. c3 O-O 11. O-O Be6 12. Ng3 d5 13. Nc2 dxe4 14. Nxe4 Nxe4 15.
Bxe4 Rc8 16. Ne3 Qc7 17. Nd5 Bxd5 18. Qxd5 Rfd8 19. Qxc6 Qxc6 20. Bxc6 Rxc6 21.
Be3 Bc5 22. Rad1 Rxd1 23. Rxd1 h6 24. Bxc5 Rxc5 25. Rd6 a5 26. a3 f6 27. Kf1 Kf7
28. Ra6 a4 29. Ra7+ Kg6 30. Rd7 h5 31. Ke2 Kh6 32. h4 e4 33. Ke3 f5 34. Rd6+ Kh7
35. Rd4 Kg6 36. Rb4 Kf6 37. Kd4 Re5 38. g3 Ke6 39. c4 bxc4 40. Rb6+ Kf7 41. Kxe5
Kg8 42. Rb4 g6 43. Rxc4 Kh7 44. Rxa4 Kh6 45. Rc4 g5 46. Rc6+ Kg7 47. a4 gxh4 48.
gxh4 f4 49. Kxf4 e3 50. fxe3 Kf7 51. a5 Ke7 52. a6 Kd7 53. Rc3 Kd6 54. a7 Ke6
55. a8=R Kd6 56. Ra5 Kd7 57. Ra6 Kd8 58. Ra7 Ke8 59. Rc8# 1-0

[Event "Druzynowe Mistrzostwa Polski Juniorow - II liga"]
[Site "Sypniewo k. Jastowia"]
[Date "2024-06-17"]
[Round "8.37"]
[White "Siwek, Leon"]
[Black "Nowak, Maciej"]
[Result "0-1"]
[WhiteTitle "II"]
[BlackTitle "I"]
[WhiteElo "1602"]
[BlackElo "1791"]

1. e4 e6 2. d4 d5 3. exd5 exd5 4. Nf3 Bd6 5. Bd3 Nc6 6. c3 Bg4 7. Be3 Nge7 8. Nbd2
Qd7 9. h3 Bf5 10. Nb3 f6 11. Qc2 O-O-O 12. O-O-O Rhe8 13. Rhe1 g5 14. g4 Bxd3
15. Qxd3 Ng6 16. Kb1 Kb8 17. Ka1 Re6 18. Rb1 Rde8 19. Qb5 Nb4 20. Qe2 Nxa2 21.
Nc5 Bxc5 22. dxc5 Ra6 23. Qxa6 bxa6 24. Rbd1 Qa4 25. Kb1 Nxc3+ 26. bxc3 Qb3+ 27.
Ka1 Ka8 28. Bd4 Qa3+ 29. Kb1 Rb8+ 30. Kc2 Qb2+ 31. Kd3 Nf4+ 32. Ke3 Re8+ 0-1

[Event "Druzynowe Mistrzostwa Polski Juniorow - II liga"]
[Site "Sypniewo k. Jastowia"]
[Date "2024-06-17"]
[Round "8.38"]
[White "Wieckowski, Igor"]
[Black "Broszkiewicz, Stanislaw"]
[Result "1-0"]
[WhiteTitle "I"]
[BlackTitle "II+"]
[WhiteElo "1623"]
[BlackElo "1700"]

1. d4 d5 2. c4 c6 3. Nc3 Nf6 4. cxd5 cxd5 5. Bf4 Nc6 6. e3 a6 7. Bd3 Bg4 8. Nge2
e6 9. Rc1 Bd6 10. Bxd6 Qxd6 11. f3 Bh5 12. Nf4 Bg6 13. Nxg6 hxg6 14. f4 Ke7 15.
O-O Rh4 16. Qf3 Rah8 17. h3 Rc8 18. Na4 Nd7 19. Nc5 Nxc5 20. Rxc5 Rhh8 21. Rfc1
Kd7 22. a3 b6 23. R5c2 b5 24. b4 Na7 25. Rc5 Rc6 26. Qe2 Rhc8 27. R1c2 Qb8 28.
Qg4 Rxc5 29. dxc5 Ke7 30. Qg5+ Kf8 31. h4 Nc6 32. h5 gxh5 33. Qxh5 g6 34. Qg5
Qc7 35. Qh6+ Ke8 36. Qh8+ Ke7 37. Qg7 Ke8 38. g3 Qe7 39. Rh2 Kd7 40. Rh7 Rf8 41.
Bxg6 Ke8 42. Bh5 e5 43. Qh6 Kd7 44. Bxf7 Rxf7 45. Rxf7 Qxf7 46. Qd6+ Ke8 47. Qxc6+
Kf8 48. Qd6+ Kg8 49. c6 Qh5 50. Qd8+ Kf7 51. Qxd5+ Kf8 52. c7 Qh3 53. Qa8+ Kg7
54. c8=Q Qxg3+ 55. Qg2 1-0

[Event "Druzynowe Mistrzostwa Polski Juniorow - II liga"]
[Site "Sypniewo k. Jastowia"]
[Date "2024-06-17"]
[Round "8.39"]
[White "Wojciechowski, Szymon"]
[Black "Szmolke, Stanislaw"]
[Result "1/2-1/2"]
[WhiteTitle "I"]
[BlackTitle "I"]
[WhiteElo "1837"]
[BlackElo "1760"]

1. e4 c5 2. Nf3 e6 3. c3 Nf6 4. e5 Nd5 5. g3 b6 6. Bg2 Ba6 7. d3 Nc6 8. O-O Be7
9. Na3 O-O 10. h4 Rc8 11. Re1 d6 12. exd6 Bxd6 13. Nc4 Bb8 14. Bh3 h6 15. Qc2
Qf6 16. Nh2 Qg6 17. Qe2 Rfd8 18. h5 Qh7 19. Ng4 Nde7 20. Bf1 Kh8 21. Be3 Qf5 22.
Nh2 Nd5 23. Qf3 Qxf3 24. Nxf3 Bxc4 25. dxc4 Nxe3 26. Rxe3 Rd7 27. Rd3 Rcd8 28.
Rad1 Rxd3 29. Rxd3 Rxd3 30. Bxd3 Ne5 31. Nxe5 Bxe5 32. Kg2 1/2-1/2

[Event "Druzynowe Mistrzostwa Polski Juniorow - II liga"]
[Site "Sypniewo k. Jastowia"]
[Date "2024-06-17"]
[Round "8.40"]
[White "Wasiluk, Dominik"]
[Black "Sniedziewski, Emil"]
[Result "0-1"]
[WhiteTitle "I"]
[BlackTitle "II+"]
[WhiteElo "1709"]
[BlackElo "1838"]

1. e4 e6 2. d4 d5 3. exd5 exd5 4. Bd3 Bd6 5. Nf3 Nf6 6. O-O O-O 7. Bg5 Bg4 8. Nbd2
Nbd7 9. c3 c6 10. Qc2 h6 11. Bh4 Qc7 12. h3 Bxf3 13. Bxf6 Bh2+ 14. Kh1 Bxg2+ 15.
Kxg2 Nxf6 16. Nf3 Bd6 17. Rg1 Rae8 18. Kh1 Ne4 19. Nh4 Qd7 20. Bf1 Kh8 21. Rd1
g5 22. Nf3 Qf5 23. Rd3 Rg8 0-1

[Event "Druzynowe Mistrzostwa Polski Juniorow - II liga"]
[Site "Sypniewo k. Jastowia"]
[Date "2024-06-17"]
[Round "8.42"]
[White "Pietraszewska, Julia"]
[Black "Kaczmarczyk, Dominika"]
[Result "0-1"]
[WhiteTitle "II"]
[BlackTitle "II"]
[WhiteElo "1482"]
[BlackElo "1407"]

1. d4 d5 2. c4 e6 3. Nc3 Nf6 4. Nf3 Nbd7 5. Bf4 dxc4 6. e3 Nd5 7. Bg3 Nxc3 8. bxc3
b5 9. Be2 Nb6 10. O-O Nd5 11. Qc2 Be7 12. a4 c6 13. Ne5 Bb7 14. Qb2 a6 15. Rfc1
O-O 16. Bxc4 Nb6 17. axb5 cxb5 18. Be2 Bd5 19. h3 Na4 20. Qd2 Bh4 21. Bh2 Nb6
22. Nf3 Be7 23. Bf4 Qc8 24. Ne5 Bd6 25. Nd3 Nc4 26. Qd1 Be7 27. Bf3 Qb7 28. Bxd5
Qxd5 29. Qe2 Rfc8 30. Qd1 a5 31. Qe2 a4 32. Qa2 a3 33. Nb4 Qe4 34. Rc2 Nb2 35.
Rcc1 Rc4 36. f3 Qb7 37. Nc2 Rxc3 38. Qb1 b4 39. Ne1 Rb3 40. Be5 Qa7 41. Ra2 Qa4
42. Rc7 Nd3 43. Qa1 Bg5 44. f4 Bh4 45. Nxd3 Rxd3 46. Qb1 Rd1+ 0-1

[Event "Druzynowe Mistrzostwa Polski Juniorow - II liga"]
[Site "Sypniewo k. Jastowia"]
[Date "2024-06-17"]
[Round "8.43"]
[White "Jankowski, Franciszek"]
[Black "Paprocki, Antoni"]
[Result "0-1"]
[WhiteTitle "I"]
[BlackTitle "k"]
[WhiteElo "1710"]
[BlackElo "2164"]

1. e4 c6 2. d4 d5 3. e5 Bf5 4. Nf3 e6 5. a3 Nd7 6. Be2 Ne7 7. O-O c5 8. dxc5 Nc6
9. b4 a5 10. Nd4 axb4 11. Nxf5 exf5 12. Qxd5 Nxc5 13. Qxd8+ Kxd8 14. Bb2 b3 15.
Nd2 Na4 16. cxb3 Nxb2 17. Rfb1 Rxa3 18. Rxa3 Bxa3 19. Ra1 Bf8 20. Nf3 g6 21. Bb5
Kc7 22. Rb1 Ba3 23. Bxc6 bxc6 24. Nd4 Nd3 25. b4 Bxb4 26. Rb3 Rd8 27. Rxd3 Bc5
28. e6 Rxd4 0-1

[Event "Druzynowe Mistrzostwa Polski Juniorow - II liga"]
[Site "Sypniewo k. Jastowia"]
[Date "2024-06-17"]
[Round "8.44"]
[White "Herka, Jakub"]
[Black "Krogulski, Maksymilian"]
[Result "1-0"]
[WhiteTitle "I"]
[BlackTitle "I"]
[WhiteElo "1796"]
[BlackElo "1691"]

1. d4 d5 2. c4 c6 3. Nf3 e6 4. e3 Nf6 5. Nbd2 Nbd7 6. Bd3 Bd6 7. O-O O-O 8. e4
dxe4 9. Nxe4 Nxe4 10. Bxe4 Nf6 11. Bc2 b6 12. Bg5 h6 13. Bh4 Bb7 14. Qd3 g5 15.
Bg3 c5 16. Rae1 Bxg3 17. fxg3 Kg7 18. Rd1 Bxf3 19. Rxf3 Qxd4+ 20. Qxd4 cxd4 21.
Rxd4 Rfd8 22. Rfd3 Rxd4 23. Rxd4 Rc8 24. b3 Kf8 25. Kf2 Ke7 26. h3 Nd7 27. g4
Rc6 28. Ke3 a5 29. a3 b5 30. Bd3 b4 31. axb4 axb4 32. c5 Rxc5 33. Rxb4 f5 34.
gxf5 exf5 35. Kd4 Kd6 36. Rb5 f4 37. Rxc5 Nxc5 38. Bc4 Nd7 39. Ke4 Ne5 40. Be2
Nc6 41. Bd1 Nb4 42. Kf5 Nd5 43. Kg6 Ke5 44. Kxh6 Kf6 45. Bf3 Nb4 46. Kh7 Kf7 47.
Be4 Na6 48. Bd5+ Kf6 49. Kg8 Kf5 50. Kf7 Nc7 51. Bc6 Na6 52. Bf3 Nb4 53. Bg4+
Ke4 54. Kg6 Ke3 55. Kxg5 Nd3 56. h4 Ne1 57. h5 Nxg2 58. h6 f3 59. Bxf3 Kxf3 60.
h7 Ne3 61. h8=Q Kg3 62. b4 Nd5 63. Qe5+ Kh3 64. Qxd5 Kh2 65. Qd3 Kg2 66. Kg4 Kg1
67. Kg3 Kh1 68. Qd1# 1-0

[Event "Druzynowe Mistrzostwa Polski Juniorow - II liga"]
[Site "Sypniewo k. Jastowia"]
[Date "2024-06-17"]
[Round "8.45"]
[White "Kucewicz, Piotr"]
[Black "Bednarek, Jan"]
[Result "0-1"]
[WhiteTitle "II"]
[BlackTitle "I"]
[WhiteElo "1603"]
[BlackElo "1786"]

1. e4 c5 2. Nf3 d6 3. d4 cxd4 4. Nxd4 Nf6 5. Nc3 a6 6. Nb3 e5 7. Bg5 Be6 8. Bxf6
Qxf6 9. Nd5 Qd8 10. Qd3 Nd7 11. O-O-O Bxd5 12. Qxd5 Qc7 13. Kb1 Rc8 14. c3 Be7
15. g3 b5 16. Bh3 Nb6 17. Qd3 Rb8 18. Rc1 O-O 19. f4 Rfd8 20. Rhf1 Bf6 21. Rc2
d5 22. Rcf2 dxe4 23. Qxe4 exf4 24. Rxf4 Nd5 25. Rf5 Ne7 26. R5f2 Ng6 27. g4 Re8
28. Qg2 h6 29. Nd2 b4 30. cxb4 Rxb4 31. Nb3 a5 32. Rc2 Qa7 33. Qc6 Reb8 34. Rff2
a4 35. Nc1 Qd4 36. Qg2 Nh4 37. Rfd2 Nxg2 38. Rxd4 Bxd4 39. Nd3 Ne3 40. Nxb4 Nxc2
0-1

[Event "Druzynowe Mistrzostwa Polski Juniorow - II liga"]
[Site "Sypniewo k. Jastowia"]
[Date "2024-06-17"]
[Round "8.46"]
[White "Zawisza, Alan"]
[Black "Klask, Franciszek"]
[Result "1-0"]
[WhiteTitle "II"]
[BlackTitle "II"]
[WhiteElo "1755"]
[BlackElo "1571"]

1. e4 c6 2. d4 d5 3. f3 dxe4 4. fxe4 e5 5. Nf3 exd4 6. Bc4 Be6 7. Bxe6 fxe6 8.
O-O Nd7 9. Ng5 Qe7 10. Nf7 Ngf6 11. Nxh8 e5 12. Bg5 O-O-O 13. Qf3 Qe8 14. Qh3
Bc5 15. Bxf6 gxf6 16. Qxh7 Qxh8 17. Qxh8 Rxh8 18. Kh1 Rh4 19. Nd2 Bb4 20. g3 Rg4
21. Nc4 b5 22. a3 Bf8 23. Nd2 Bh6 24. Rad1 Kd8 25. Kg2 Ke7 26. h3 Rg8 27. Nf3
Bf4 28. g4 Nc5 29. Nxd4 exd4 30. Rxf4 Ke6 31. Rdf1 Rg6 32. h4 Nd7 33. Kh3 Ne5
34. Rg1 Nf7 35. Rf5 Ne5 36. g5 fxg5 37. Rgxg5 1-0

[Event "Druzynowe Mistrzostwa Polski Juniorow - II liga"]
[Site "Sypniewo k. Jastowia"]
[Date "2024-06-17"]
[Round "8.47"]
[White "Kotkowska, Antonina"]
[Black "Michniak, Julia"]
[Result "1-0"]
[WhiteTitle "I"]
[BlackTitle "I"]
[WhiteElo "1490"]
[BlackElo "1509"]

1. d4 d5 2. Bf4 c5 3. e3 cxd4 4. exd4 Nc6 5. Nf3 Bg4 6. c3 e6 7. Nbd2 Bd6 8. Bxd6
Qxd6 9. h3 Bh5 10. Qa4 Nge7 11. Bd3 O-O 12. Qc2 Bg6 13. g4 Rac8 14. a3 e5 15.
dxe5 Nxe5 16. Bxg6 N7xg6 17. O-O Nxf3+ 18. Nxf3 Qf4 19. Qd3 Ne5 20. Nxe5 Qxe5
21. Rfe1 Qg5 22. Qd4 Rc4 23. Qxa7 h5 24. Qe3 Qxe3 25. Rxe3 hxg4 26. hxg4 Rxg4+
27. Rg3 Rxg3+ 28. fxg3 Re8 29. Kf2 b5 30. Rd1 Re5 31. Rd4 Rf5+ 32. Ke3 Re5+ 33.
Kf3 Rf5+ 34. Rf4 Rxf4+ 35. Kxf4 f6 36. b3 Kf7 37. a4 bxa4 38. bxa4 Ke6 39. Ke3
Kd6 40. Kd4 f5 41. a5 g5 42. a6 Kc6 43. Ke5 f4 44. gxf4 gxf4 45. Kxf4 Kb6 46.
Ke5 Kxa6 47. Kxd5 Kb6 48. c4 Kb7 49. Kd6 Kc8 50. Kc6 Kb8 51. Kd7 Kb7 52. c5 Kb8
53. c6 1-0

[Event "Druzynowe Mistrzostwa Polski Juniorow - II liga"]
[Site "Sypniewo k. Jastowia"]
[Date "2024-06-17"]
[Round "8.49"]
[White "Przybylski, Bartosz"]
[Black "Zmarzly, Wiktor"]
[Result "1-0"]
[WhiteTitle "k"]
[BlackTitle "I+"]
[WhiteElo "2085"]
[BlackElo "1891"]

1. e4 Nc6 2. Nf3 d6 3. d4 Bg4 4. d5 Nb8 5. Nc3 g6 6. h3 Bxf3 7. Qxf3 Bg7 8. h4
h5 9. Bf4 Nf6 10. Bb5+ c6 11. dxc6 Nxc6 12. e5 dxe5 13. Bxe5 O-O 14. Bxc6 bxc6
15. Qxc6 Qa5 16. Qb5 Qxb5 17. Nxb5 Rfc8 18. Nc3 Rc5 19. Bd4 Rf5 20. f3 e5 21.
Be3 e4 22. fxe4 Nxe4 23. Nxe4 Re8 24. O-O-O Rxe4 25. Bg5 Re2 26. Rd2 Rxd2 27.
Bxd2 Rf2 28. Be3 Rxg2 29. Bxa7 f5 30. a4 Rg4 31. b3 Bc3 32. Rh3 Be1 33. Kd1 Bxh4
34. a5 Bd8 35. a6 Re4 36. Re3 1-0

[Event "Druzynowe Mistrzostwa Polski Juniorow - II liga"]
[Site "Sypniewo k. Jastowia"]
[Date "2024-06-17"]
[Round "8.50"]
[White "Jania, Kamil"]
[Black "Polak, Aleksander"]
[Result "0-1"]
[WhiteTitle "II"]
[BlackTitle "II"]
[WhiteElo "1446"]
[BlackElo "1554"]

1. e4 c6 2. Nf3 d5 3. Nc3 Bg4 4. h3 Bxf3 5. Qxf3 Nf6 6. exd5 cxd5 7. Bb5+ Nc6 8.
O-O e6 9. d3 Be7 10. Re1 O-O 11. Ne2 Rc8 12. Ba4 Qa5 13. Nc3 d4 14. Bxc6 Rxc6
15. Qg3 Kh8 16. Re5 Qd8 17. Ne4 Nxe4 18. Rxe4 Rxc2 19. h4 f5 20. Rxe6 Bxh4 21.
Qe5 Bxf2+ 22. Kf1 Qh4 23. Rh6 Qg4 24. Bf4 Be3 25. Bxe3 Qxg2+ 26. Ke1 Qe2# 0-1

[Event "Druzynowe Mistrzostwa Polski Juniorow - II liga"]
[Site "Sypniewo k. Jastowia"]
[Date "2024-06-17"]
[Round "8.51"]
[White "Kosecki, Kacper"]
[Black "Reterski, Wiktor"]
[Result "0-1"]
[WhiteTitle "III"]
[BlackTitle "II+"]
[WhiteElo "1444"]
[BlackElo "1666"]

1. c4 c5 2. Nc3 g6 3. g3 Bg7 4. Bg2 Nc6 5. e3 d6 6. Nge2 Bd7 7. d4 cxd4 8. exd4
Nh6 9. O-O Nf5 10. d5 Ne5 11. b3 O-O 12. Bb2 a6 13. Kh1 b5 14. cxb5 axb5 15. Ne4
Qb6 16. a3 Rfc8 17. Rc1 Rxc1 18. Qxc1 Nd3 19. Qd2 Nxb2 20. Rb1 Qa5 21. Rxb2 Bxb2
22. Qxb2 Qxa3 23. Qb1 Qa1 24. Qxa1 Rxa1+ 25. Ng1 Nd4 26. Ng5 Ne2 27. N5f3 Bg4
28. h3 Bxf3 29. Bxf3 Nxg1 30. Kg2 Nxf3 31. Kxf3 Rb1 0-1

[Event "Druzynowe Mistrzostwa Polski Juniorow - II liga"]
[Site "Sypniewo k. Jastowia"]
[Date "2024-06-17"]
[Round "8.53"]
[White "Sliwicka, Weronika"]
[Black "Gorecka, Laura"]
[Result "1-0"]
[WhiteTitle "I"]
[BlackTitle "I"]
[WhiteElo "1795"]
[BlackElo "1529"]

1. e4 c5 2. Nf3 e6 3. d4 cxd4 4. Nxd4 a6 5. Bd3 g6 6. O-O Bg7 7. Nb3 d6 8. Nc3
Nf6 9. Bg5 O-O 10. f4 h5 11. f5 Qb6+ 12. Kh1 Ng4 13. Qe2 Nd7 14. Qf3 Nde5 15.
Qe2 Nxd3 16. h3 Nf6 17. cxd3 e5 18. fxe6 fxe6 19. d4 Nh7 20. Be3 Qd8 21. Rxf8+
Nxf8 22. Rf1 e5 23. Qf3 Qe8 24. Nd5 Ne6 25. Nf6+ Bxf6 26. Qxf6 exd4 27. Nxd4 Nxd4
28. Bxd4 Qe5 29. Qxg6+ Kh8 30. Rf8# 1-0

[Event "Druzynowe Mistrzostwa Polski Juniorow - II liga"]
[Site "Sypniewo k. Jastowia"]
[Date "2024-06-17"]
[Round "8.54"]
[White "Sieczkowska, Hanna"]
[Black "Terekhova, Svitlana"]
[Result "1/2-1/2"]
[WhiteTitle "II+"]
[BlackTitle "III"]
[WhiteElo "1412"]
[BlackElo "1628"]

1. c4 e5 2. e3 Nf6 3. a3 Nc6 4. b4 a6 5. Bb2 d6 6. Qc2 Be7 7. d3 O-O 8. Nf3 Bg4
9. Nbd2 h6 10. Be2 Nd7 11. O-O Bg5 12. d4 Re8 13. Nxg5 Bxe2 14. Rfe1 Bxc4 15.
Qh7+ Kf8 16. Qh8+ Ke7 17. Qxg7 hxg5 18. Nxc4 Rg8 19. Qh7 Rg6 20. Qh5 Qh8 21. Qg4
Nf6 22. Qg3 e4 23. d5 Na7 24. Nd2 Qh4 25. Qxh4 gxh4 26. Bxf6+ Kxf6 27. Nxe4+ Ke5
28. Nc3 h3 29. g3 Nb5 30. Nxb5 axb5 31. e4 c6 32. dxc6 bxc6 33. f4+ Kf6 34. Rac1
Ra6 35. Rc3 Rg8 36. Rd1 Ke6 37. Rcd3 c5 38. bxc5 dxc5 39. Rb1 Ra4 40. Rxb5 Rxe4
41. Kf2 Rc4 42. f5+ Ke5 43. Rd2 Rc8 44. Rb7 Kxf5 45. Rxf7+ Kg6 46. Ra7 Rf8+ 47.
Ke2 Re4+ 48. Kd3 Rd4+ 49. Kc3 Rf3+ 50. Kc2 Rxd2+ 51. Kxd2 Rf2+ 52. Ke3 Rxh2 53.
Ra4 Ra2 54. Kf3 h2 55. Rh4 c4 56. Ke4 c3 57. Kd3 c2 58. Kd2 h1=Q 59. Rxh1 c1=Q+
60. Kxc1 Ra1+ 61. Kb2 Rxh1 62. Kb3 Rg1 63. Kb4 Rxg3 64. a4 Rg5 65. a5 Rxa5 66.
Kxa5 1/2-1/2

[Event "Druzynowe Mistrzostwa Polski Juniorow - II liga"]
[Site "Sypniewo k. Jastowia"]
[Date "2024-06-17"]
[Round "8.55"]
[White "Bochniak, Franciszek"]
[Black "Stupak, Bartosz"]
[Result "1-0"]
[WhiteTitle "I++"]
[BlackTitle "III"]
[WhiteElo "1936"]
[BlackElo "1431"]

1. e4 c5 2. Nf3 Nc6 3. Bb5 e6 4. O-O Nf6 5. e5 Nd5 6. c3 Be7 7. d4 O-O 8. Re1 Qc7
9. c4 Nb6 10. d5 Na5 11. d6 Qd8 12. dxe7 Qxe7 13. Bd2 Naxc4 14. Bxc4 Nxc4 15.
Qc2 b5 16. b3 Nb6 17. Be3 Bb7 18. Bxc5 Rfc8 19. Bxe7 Rxc2 20. Nd4 Rcc8 21. Nd2
Nd5 22. Bd6 a6 23. g3 f6 24. exf6 Nxf6 25. Rac1 h6 26. f3 Bd5 27. Ne2 Kf7 28.
Rxc8 Rxc8 29. Rc1 Rxc1+ 30. Nxc1 Ne8 31. Ba3 d6 32. Kf2 e5 33. Ne2 Bb7 34. g4
d5 35. Ng3 Nf6 36. Nf5 Bc6 37. h3 d4 38. f4 exf4 39. Nxd4 Bd7 40. Kf3 g5 41. Ne4
Nd5 42. Nc5 Bc8 43. Bb2 Ne3 44. Bc1 Nd5 45. Bd2 Kg6 46. Nc6 h5 47. Na7 Nb6 48.
Ba5 Nd7 49. Nxc8 Nxc5 50. Bc3 Nd3 51. Ne7+ Kh6 52. Nd5 Kg6 53. Nb4 Nxb4 54. Bxb4
h4 55. Ke4 Kf6 56. Ba5 1-0

[Event "Druzynowe Mistrzostwa Polski Juniorow - II liga"]
[Site "Sypniewo k. Jastowia"]
[Date "2024-06-17"]
[Round "8.56"]
[White "Businski, Jan"]
[Black "Lonski, Aleksander"]
[Result "1/2-1/2"]
[WhiteTitle "II"]
[BlackTitle "I+"]
[WhiteElo "1633"]
[BlackElo "1852"]

1. d4 d5 2. Nf3 e6 3. c4 c6 4. cxd5 exd5 5. Nc3 Bb4 6. Qb3 Bxc3+ 7. bxc3 Nd7 8.
e3 Ngf6 9. Ba3 b6 10. c4 Ba6 11. Rd1 Bxc4 12. Bxc4 dxc4 13. Qxc4 c5 14. dxc5 bxc5
15. Bb2 Qc7 16. Rc1 Rc8 17. O-O O-O 18. Ba3 h6 19. Rc2 Rfe8 20. Rfc1 Ne4 21. Nd2
Nxd2 22. Rxd2 Re6 23. Qd5 Nb6 24. Qxc5 Qxc5 25. Rxc5 Rxc5 26. Bxc5 Rc6 27. Ba3
f6 28. g3 Kf7 29. Kg2 Nc4 30. Rd7+ Ke6 31. Rxa7 g5 32. Bf8 Rb6 33. a4 Rb2 34.
Bc5 Ra2 35. Bd4 Nd6 36. Ra6 Kd5 37. Kf3 h5 38. Ra5+ Ke6 39. h3 g4+ 40. hxg4 hxg4+
41. Kxg4 Rxf2 42. Rh5 Ne4 43. a5 Ra2 44. Kf4 Nd6 45. Bb6 Nf7 46. e4 Ne5 47. Rh1
Ra3 48. Rf1 Nc4 49. Rc1 Ne5 50. Rf1 Nc4 51. Rf3 Ra4 52. Rd3 Nxa5 53. Bxa5 Rxa5
54. Rd5 Ra1 55. Rb5 Rf1+ 56. Kg4 Re1 57. Rb6+ Ke5 1/2-1/2

[Event "Druzynowe Mistrzostwa Polski Juniorow - II liga"]
[Site "Sypniewo k. Jastowia"]
[Date "2024-06-17"]
[Round "8.57"]
[White "Jodlowski, Robert"]
[Black "Pieszko, Antoni"]
[Result "0-1"]
[WhiteTitle "II"]
[BlackTitle "II+"]
[WhiteElo "1675"]
[BlackElo "1596"]

1. e4 c5 2. Nc3 d6 3. Nge2 Nf6 4. g3 g6 5. Bg2 Bg7 6. O-O O-O 7. d3 Nbd7 8. f4
Rb8 9. h3 b5 10. Kh2 b4 11. Nb1 Qc7 12. g4 Nb6 13. Ng3 Ba6 14. c3 Bb7 15. f5 Nfd7
16. g5 Rbc8 17. h4 d5 18. Bf4 Be5 19. Bxe5 Nxe5 20. f6 dxe4 21. dxe4 Nbc4 22.
Qe2 Ne3 23. Rf4 N3c4 24. Kg1 Rcd8 25. Nf5 exf6 26. gxf6 Kh8 27. b3 Nd6 28. Ne7
Nc8 29. Nxc8 Bxc8 30. c4 Rd3 31. Nd2 Qd6 32. Nf3 Nxf3+ 33. Rxf3 Qd4+ 34. Kh2 Rxf3
35. Bxf3 Qxa1 36. e5 Re8 0-1

[Event "Druzynowe Mistrzostwa Polski Juniorow - II liga"]
[Site "Sypniewo k. Jastowia"]
[Date "2024-06-17"]
[Round "8.58"]
[White "Toczylowski, Mateusz"]
[Black "Wites, Adam"]
[Result "0-1"]
[WhiteTitle "II"]
[BlackTitle "II+"]
[WhiteElo "1458"]
[BlackElo "1657"]

1. e4 c6 2. d4 d5 3. Nc3 dxe4 4. Nxe4 Bf5 5. Ng3 Bg6 6. h4 h6 7. Nf3 Nd7 8. Bd3
Bxd3 9. Qxd3 e6 10. c3 Qc7 11. Bd2 Ngf6 12. O-O Bd6 13. Nh2 O-O-O 14. b4 Rdg8
15. a4 g5 16. hxg5 hxg5 17. b5 c5 18. Rfc1 Nh5 19. Nhf1 Nf4 20. Qf3 Rg7 21. Ne4
Rgh7 22. Nxd6+ Qxd6 23. Ng3 Rh2 24. Kf1 Rh1+ 0-1

[Event "Druzynowe Mistrzostwa Polski Juniorow - II liga"]
[Site "Sypniewo k. Jastowia"]
[Date "2024-06-17"]
[Round "8.59"]
[White "Grzesik, Nikola"]
[Black "Obukhava, Anastasiya"]
[Result "0-1"]
[WhiteTitle "I"]
[BlackTitle "I++"]
[WhiteElo "1635"]
[BlackElo "1814"]

1. e4 c5 2. Nf3 e6 3. d4 cxd4 4. Nxd4 a6 5. c4 Qc7 6. Nc3 Nf6 7. Qd3 d6 8. f4 Nbd7
9. Be2 b6 10. O-O Bb7 11. b4 Rd8 12. Bd2 Qb8 13. Bf3 Ne5 14. Qe2 Nxf3+ 15. Rxf3
g6 16. Rc1 Bg7 17. Nb3 O-O 18. Rh3 Rfe8 19. g4 Nd7 20. g5 f6 21. Qf2 fxg5 22.
fxg5 Re7 23. Qh4 Bh8 24. Ne2 Nf8 25. Rf1 Qc7 26. Be3 Qxc4 27. Bxb6 Rdd7 28. Ned4
Bxd4+ 29. Bxd4 e5 30. Bc3 Qxe4 31. Qxe4 Bxe4 32. Re3 Bd5 33. Rd1 Bxb3 34. axb3
Ne6 35. Red3 Nf4 36. R3d2 d5 37. Re1 d4 38. Bb2 Nh3+ 39. Kg2 Nxg5 40. h4 Nf7 41.
Re4 Nd6 42. Ree2 Kf7 43. Ba3 Nb5 44. Bb2 Ke6 45. Kg3 Kd5 46. Kf3 e4+ 47. Kg3 e3
48. Rd3 Ke4 49. Rd1 d3 50. Ree1 d2 51. Re2 Kd3 0-1

[Event "Druzynowe Mistrzostwa Polski Juniorow - II liga"]
[Site "Sypniewo k. Jastowia"]
[Date "2024-06-17"]
[Round "8.60"]
[White "Galinska, Pola"]
[Black "Smagala, Oliwia"]
[Result "1-0"]
[WhiteTitle "II+"]
[BlackTitle "II"]
[WhiteElo "1568"]
[BlackElo "1528"]

1. e4 e5 2. Nf3 Nc6 3. Bb5 Nf6 4. d3 d6 5. c3 a6 6. Ba4 Be7 7. Nbd2 Bg4 8. Nf1
d5 9. exd5 Qxd5 10. Ne3 Qd8 11. Nxg4 Nxg4 12. h3 Nf6 13. Nxe5 O-O 14. Nxc6 bxc6
15. Bxc6 Rb8 16. O-O Qd6 17. Bf3 c6 18. Qc2 Bd8 19. g3 Qd7 20. Bg2 h6 21. Bf4
Bc7 22. Bxc7 Qxc7 23. Rfe1 Qd7 24. d4 Rfc8 25. Re5 Rb5 26. Rae1 Rxe5 27. Rxe5
Nd5 28. Bxd5 cxd5 29. Qf5 Qb7 30. Kg2 Rd8 31. Qc2 a5 32. Qe2 Qa8 33. Re7 Qc6 34.
Qe5 Qa8 35. Qf5 Rf8 36. Rd7 Qb8 37. Qxd5 Qb6 38. b3 Qf6 39. Rd6 Qe7 40. Rd7 Qf6
41. c4 Rc8 42. Qe4 Qb6 43. Qe7 Rf8 44. c5 Qc6+ 45. d5 Qg6 46. d6 Qd3 47. Qxf8+
Kh7 48. Qxf7 Qe4+ 49. Kh2 Qg6 50. Qxg6+ Kxg6 51. Rc7 a4 52. d7 axb3 53. d8=Q bxa2
54. Qe8+ Kh7 55. Qe4+ Kg8 56. Qg6 a1=Q 57. Rc8# 1-0

[Event "Druzynowe Mistrzostwa Polski Juniorow - II liga"]
[Site "Sypniewo k. Jastowia"]
[Date "2024-06-17"]
[Round "8.61"]
[White "Lochinski, Pawel"]
[Black "Panasiuk, Piotr"]
[Result "1-0"]
[WhiteTitle "I"]
[BlackTitle "II"]
[WhiteElo "1857"]
[BlackElo "1517"]

1. e4 e6 2. d4 d5 3. Nc3 dxe4 4. Nxe4 Nd7 5. Nf3 Ngf6 6. Nxf6+ Nxf6 7. Bd3 Be7
8. O-O O-O 9. Ne5 Nd7 10. Qe2 Nxe5 11. dxe5 c5 12. Qe4 g6 13. Bh6 Re8 14. Bb5
Bf8 15. Bxe8 Bxh6 16. Rad1 Qxe8 17. Qh4 Bd7 18. Qxh6 Bc6 19. c4 b5 20. b3 Rb8
21. Rd6 bxc4 22. bxc4 Ba4 23. Qg5 Bc2 24. h4 Qa4 25. h5 Qa5 26. h6 Kf8 27. Rd7
Re8 28. Rxf7+ Kxf7 29. Qf6+ Kg8 30. Qg7# 1-0

[Event "Druzynowe Mistrzostwa Polski Juniorow - II liga"]
[Site "Sypniewo k. Jastowia"]
[Date "2024-06-17"]
[Round "8.62"]
[White "Tanski, Wojciech"]
[Black "Jablonski, Antoni"]
[Result "0-1"]
[WhiteTitle "III"]
[BlackTitle "I+"]
[WhiteElo "1441"]
[BlackElo "1938"]

1. d4 Nf6 2. Nf3 g6 3. Bf4 Bg7 4. e3 O-O 5. Be2 d6 6. O-O Nfd7 7. c3 e5 8. dxe5
dxe5 9. Bg5 f6 10. Bh4 Nc6 11. Nbd2 Qe7 12. Qb3+ Kh8 13. Rad1 g5 14. Bg3 f5 15.
h4 g4 16. Ng5 Nc5 17. Qc2 h6 18. Kh2 hxg5 19. hxg5 f4 20. Rh1 Bf5 21. Kg1+ Kg8
22. Bc4+ Ne6 23. e4 Bg6 24. Bh4 Na5 25. Be2 f3 26. gxf3 Nf4 27. Nb3 Nxe2+ 28.
Qxe2 Nxb3 29. axb3 gxf3 30. Qe3 Qe6 31. b4 Rad8 32. Rxd8 Rxd8 33. Kh2 Qg4 34.
Bg3 Qh5+ 35. Kg1 Rd1+ 36. Qe1 Rxe1# 0-1

[Event "Druzynowe Mistrzostwa Polski Juniorow - II liga"]
[Site "Sypniewo k. Jastowia"]
[Date "2024-06-17"]
[Round "8.63"]
[White "Modzelan, Wojciech"]
[Black "Kopacki, Aleksander"]
[Result "1/2-1/2"]
[WhiteTitle "II"]
[BlackTitle "I"]
[WhiteElo "1568"]
[BlackElo "1782"]

1. e4 c5 2. Nf3 d6 3. d4 cxd4 4. Nxd4 Nf6 5. Nc3 Nc6 6. Be2 g6 7. O-O Bg7 8. Be3
O-O 9. f4 a6 10. Bf3 Qc7 11. a4 Ng4 12. Bxg4 Bxg4 13. Qd2 Be6 14. Nxe6 fxe6 15.
f5 Ne5 16. fxe6 Nc4 17. Qe2 Nxe3 18. Qxe3 Bxc3 19. bxc3 Qc4 20. Rfe1 Qxe6 21.
Qd4 Rac8 22. Rab1 Rc4 23. Qd5 Qxd5 24. exd5 Rc7 25. Rf1 Rxf1+ 26. Kxf1 Kf7 27.
Rb3 Kf6 28. Ke2 Ke5 29. c4 Rxc4 30. Rxb7 Rxc2+ 31. Kd3 Rxg2 32. Rxe7+ Kxd5 33.
Rxh7 Ra2 34. Rh4 g5 35. Rg4 Rxh2 36. Rxg5+ Kc6 37. Ra5 Rh3+ 38. Ke2 Kb6 39. Rd5
Rh4 40. Rxd6+ Ka5 41. Kd3 Rxa4 42. Kc3 1/2-1/2